000 00575cam a22002053a 4500
001 40351
003 PGUSA
005 20140828083912.0
008 120727s2012||||xxu|||||s|||||000 | eng d
040 _aPGUSA
_beng
042 _adc
100 1 _aSolger, H.
245 1 0 _aAlgemeene Geschiedenis in Verhalen :
_bOudheid
_h[electronic resource] /
_cH. Solger
260 _bProject Gutenberg,
_c2012
506 _aPublic domain in the USA.
516 _aElectronic text
830 0 _aProject Gutenberg
_v40351
856 4 0 _uhttp://www.gutenberg.org/ebooks/40351
942 _cEB
999 _c269604
_d269604